000 00721cam a22002413a 4500
001 24102
003 PGUSA
005 20140828083521.0
008 080101s2008||||xxu|||||s|||||000 1 eng d
040 _aPGUSA
_beng
042 _adc
050 4 _aPS
100 1 _aStandish, Burt L.,
_d1866-1945
245 1 0 _aOwen Clancy's Happy Trail ;
_bor, The Motor Wizard in California
_h[electronic resource] /
_cBurt L. Standish
260 _bProject Gutenberg,
_c2008
506 _aPublic domain in the USA.
516 _aElectronic text
653 _aYoung men -- Fiction
653 _aDetective and mystery stories
830 0 _aProject Gutenberg
_v24102
856 4 0 _uhttp://www.gutenberg.org/ebooks/24102
942 _cEB
999 _c253357
_d253357